<?xml version="1.0" encoding="UTF-8"?>
<record
    xmlns:xsi="http://www.w3.org/2001/XMLSchema-instance"
    xsi:schemaLocation="http://www.loc.gov/MARC21/slim http://www.loc.gov/standards/marcxml/schema/MARC21slim.xsd"
    xmlns="http://www.loc.gov/MARC21/slim">

  <leader>01290nam a2200325   4500</leader>
  <controlfield tag="001">113378</controlfield>
  <controlfield tag="003">DR-UNIBE</controlfield>
  <controlfield tag="005">20251119062551.0</controlfield>
  <controlfield tag="008">250326b2010    dr ||||| |||| 00| 1 spa d</controlfield>
  <datafield tag="020" ind1=" " ind2=" ">
    <subfield code="a">9789945452259</subfield>
  </datafield>
  <datafield tag="040" ind1=" " ind2=" ">
    <subfield code="a">BIBLIOTECA UNIBE</subfield>
    <subfield code="b">spa</subfield>
    <subfield code="c">BIBLIOTECA UNIBE</subfield>
    <subfield code="e">rda</subfield>
  </datafield>
  <datafield tag="041" ind1=" " ind2=" ">
    <subfield code="a">spa</subfield>
  </datafield>
  <datafield tag="090" ind1=" " ind2=" ">
    <subfield code="a">FBIU-ND CI G594c</subfield>
  </datafield>
  <datafield tag="100" ind1=" " ind2="0">
    <subfield code="a">Goede, Johanna</subfield>
    <subfield code="e">autor</subfield>
    <subfield code="9">193475</subfield>
  </datafield>
  <datafield tag="245" ind1="1" ind2="3">
    <subfield code="a">El caballito Luper&#xF3;n /</subfield>
    <subfield code="c">Johanna Goede ;  ilustrador: Ren&#xE9; Le&#xF3;n ; diagramaci&#xF3;n: Rafael Brugal</subfield>
  </datafield>
  <datafield tag="250" ind1=" " ind2=" ">
    <subfield code="a">Primera edici&#xF3;n</subfield>
  </datafield>
  <datafield tag="260" ind1=" " ind2=" ">
    <subfield code="a">Santo Domingo :</subfield>
    <subfield code="b">Nuevo Diario,</subfield>
    <subfield code="c">2010</subfield>
  </datafield>
  <datafield tag="300" ind1=" " ind2=" ">
    <subfield code="a">25 p&#xE1;ginas :</subfield>
    <subfield code="b">ilustraciones a color ; </subfield>
    <subfield code="c">19 x 14 cm</subfield>
  </datafield>
  <datafield tag="500" ind1=" " ind2=" ">
    <subfield code="a">Comentarios sobre la obra en la solapas y contraportada, informaci&#xF3;n del autor al final de la obra</subfield>
  </datafield>
  <datafield tag="653" ind1=" " ind2="7">
    <subfield code="a">Cuentos infantiles dominicanos</subfield>
  </datafield>
  <datafield tag="653" ind1=" " ind2="7">
    <subfield code="a">Luper&#xF3;n, Gregorio, 1939-1897 - Biograf&#xED;as</subfield>
  </datafield>
  <datafield tag="653" ind1=" " ind2="7">
    <subfield code="a">Puerto Plata - Historia</subfield>
  </datafield>
  <datafield tag="653" ind1=" " ind2="7">
    <subfield code="a">Literatura infantil dominicana</subfield>
  </datafield>
  <datafield tag="700" ind1="1" ind2="0">
    <subfield code="a">Finke Gonz&#xE1;lez, Carlos Manuel</subfield>
    <subfield code="d">1925-2016</subfield>
    <subfield code="9">193476</subfield>
    <subfield code="e">comentarista</subfield>
  </datafield>
  <datafield tag="700" ind1=" " ind2="0">
    <subfield code="a">Ramos Tejada, Emelda, </subfield>
    <subfield code="d">1948-</subfield>
    <subfield code="9">53451</subfield>
    <subfield code="e">comentarista</subfield>
  </datafield>
  <datafield tag="700" ind1="1" ind2="0">
    <subfield code="a">Russo, Lilian,</subfield>
    <subfield code="d">1940-2023</subfield>
    <subfield code="9">193477</subfield>
    <subfield code="e">comentarista</subfield>
  </datafield>
  <datafield tag="700" ind1=" " ind2="0">
    <subfield code="a">Le&#xF3;n Morales, Ren&#xE9;</subfield>
    <subfield code="e">ilustrador</subfield>
    <subfield code="9">193478</subfield>
  </datafield>
  <datafield tag="700" ind1=" " ind2="0">
    <subfield code="a">Brugal, Rafael</subfield>
    <subfield code="e">diagramador</subfield>
    <subfield code="9">193479</subfield>
  </datafield>
  <datafield tag="942" ind1=" " ind2=" ">
    <subfield code="2">ddc</subfield>
    <subfield code="c">BK</subfield>
  </datafield>
  <datafield tag="999" ind1=" " ind2=" ">
    <subfield code="c">113378</subfield>
    <subfield code="d">113378</subfield>
  </datafield>
  <datafield tag="952" ind1=" " ind2=" ">
    <subfield code="0">0</subfield>
    <subfield code="1">0</subfield>
    <subfield code="2">ddc</subfield>
    <subfield code="7">1</subfield>
    <subfield code="8">FBIU</subfield>
    <subfield code="a">Principal</subfield>
    <subfield code="d">2025-03-26</subfield>
    <subfield code="l">0</subfield>
    <subfield code="o">FBIU-ND CI G594c</subfield>
    <subfield code="p">FBIU0865</subfield>
    <subfield code="r">2025-03-26 09:07:15</subfield>
    <subfield code="t">Ej.1</subfield>
    <subfield code="w">2025-03-26</subfield>
    <subfield code="y">BK-RES</subfield>
  </datafield>
</record>
